Middle school: (Record no. 788)

MARC details
000 -LEADER
fixed length control field 00762nam a22002417a 4500
005 - DATE AND TIME OF LATEST TRANSACTION
control field 20230131071921.0
008 - FIXED-LENGTH DATA ELEMENTS--GENERAL INFORMATION
fixed length control field 230131b |||||||| |||| 00| 0 eng d
020 ## - INTERNATIONAL STANDARD BOOK NUMBER
International Standard Book Number 978-0-316-23175-6
082 ## - DEWEY DECIMAL CLASSIFICATION NUMBER
Classification number Fic. P317 2013
100 ## - MAIN ENTRY--PERSONAL NAME
Personal name Patterson, James
Relator term author
245 ## - TITLE STATEMENT
Title Middle school:
Remainder of title how to survived bullies, broccoli, and snake hill /
Statement of responsibility, etc. James Patterson, Chris Febbetts; illustrated by Laura Park
250 ## - EDITION STATEMENT
Edition statement 1st ed.
260 ## - PUBLICATION, DISTRIBUTION, ETC.
Place of publication, distribution, etc. New York:
Name of publisher, distributor, etc. Little Brown,
Date of publication, distribution, etc. c2013
300 ## - PHYSICAL DESCRIPTION
Extent [329]p.:
Other physical details ill.
541 ## - IMMEDIATE SOURCE OF ACQUISITION NOTE
Accession number 5166
650 ## - SUBJECT ADDED ENTRY--TOPICAL TERM
Topical term or geographic name entry element Camps - Fiction
650 ## - SUBJECT ADDED ENTRY--TOPICAL TERM
Topical term or geographic name entry element Friendship - Fiction
650 ## - SUBJECT ADDED ENTRY--TOPICAL TERM
Topical term or geographic name entry element Popularity - Fiction
650 ## - SUBJECT ADDED ENTRY--TOPICAL TERM
Topical term or geographic name entry element Bullies - Fiction
650 ## - SUBJECT ADDED ENTRY--TOPICAL TERM
Topical term or geographic name entry element Humorous fiction
700 ## - ADDED ENTRY--PERSONAL NAME
Personal name Febbetts, Chris
Relator term author
700 ## - ADDED ENTRY--PERSONAL NAME
Personal name Park, Laura
Relator term illustrator
Holdings
Withdrawn status Lost status Source of classification or shelving scheme Damaged status Not for loan Home library Current library Date acquired Total Checkouts Full call number Barcode Date last seen Copy number Price effective from Koha item type
    Dewey Decimal Classification     ctu-moalboal ctu-moalboal 06/19/2017   Fic. P317 2013 5166 01/31/2023 1 01/31/2023 Books-Fiction